• 首页
  • 本馆介绍
  • 公告通知
  • 最新文献
  • 馆藏检索
  • 电子资源
  • 读者导购
  • 参考咨询
  • 我的图书馆
  • 登录
  • 详细信息显示
  • 放入我的书架
  • 预约/预借图书
  • 作者相关作品
  • 分类相关作品
  • 丛书相关作品
  • 出版社相关作品

书目信息

  • 表格格式
  • 工作单格式
  • 卡片格式
题名:
武经七书
    
 
作者: 骈宇骞 , 李解民 , 盛冬铃 译注
分册:  
出版信息: 北京   中华书局  2020
页数: 825页
开本: 22cm
丛书名:
单 册:
中图分类: E892.2
科图分类:
主题词: 武经七书--wu jing qi shu--译文 , 武经七书--wu jing qi shu--注释 , 兵法--bing fa--中国--古代
电子资源:
ISBN: 978-7-101-14719-3
000 01099nam0 2200325 450
001 2131063565
005 20211029202829.0
010    @a978-7-101-14719-3@b精装@dCNY66.00
100    @a20201030d2020 em y0chiy50 ea
101 0  @achi
102    @aCN@b110000
105    @aab z 000yy
106    @ar
200 1  @a武经七书@Awu jing qi shu@e插图版@f骈宇骞,李解民,盛冬铃译注
210    @a北京@c中华书局@d2020
215    @a825页@c地图@d22cm
300    @a武学圣经 兵家宝鉴
314    @a译注者取自版权页
330    @a本书对《孙子兵法》《吴子兵法》《司马法》《尉缭子》《黄石公三略》《六韬》《唐太宗李卫公问对》七部兵法著作进行了译注。
605    @a《武经七书》@Awu jing qi shu@x译文
605    @a《武经七书》@Awu jing qi shu@x注释
606 0  @a武经七书@Awu jing qi shu@x译文
606 0  @a武经七书@Awu jing qi shu@x注释
606 0  @a兵法@Abing fa@y中国@z古代
690    @aE892.2@v5
701  0 @a骈宇骞@Apian yu qian@4译注
701  0 @a李解民@Ali jie min@4译注
701  0 @a盛冬铃@Asheng dong ling@4译注
801  0 @aCN@b百万庄@c20211029
905    @b1313747-750@dE892.2@e111@f4
    
    武经七书:插图版/骈宇骞,李解民,盛冬铃译注.-北京:中华书局,2020
    825页:地图;22cm
    武学圣经 兵家宝鉴
    
    ISBN 978-7-101-14719-3(精装):CNY66.00
    本书对《孙子兵法》《吴子兵法》《司马法》《尉缭子》《黄石公三略》《六韬》《唐太宗李卫公问对》七部兵法著作进行了译注。
●
相关链接 在E读中查询图书 在五车中查询图书 在当当中查询图书 在豆瓣中查询图书


正题名:武经七书     索取号:E892.2/111         预约/预借

序号 登录号 条形码 馆藏地/架位号 状态 备注
1 1313747   213137470   第一样本阅览室/ [索取号:E892.2/111] 在馆    
2 1313748   213137489   第一借阅区/ [索取号:E892.2/111] 在馆    
3 1313749   213137498   第一借阅区/ [索取号:E892.2/111] 在馆    
4 1313750   213137504   第一借阅区/ [索取号:E892.2/111] 在馆    
唐山师范学院图书馆 欢迎您!
大连网信软件有限公司© 版权所有